Zišiel by sa čarovný prútik

Podrobná bibliografia
Hlavný autor: Bušo, Ľubo (Author)
Médium: Článok
Jazyk:Slovak
Vydané: 1994
Témy:
Zdroj: 1. Košický večer 1. Roč. 5, č. 27(1994), dát. 0209, s. 3
LEADER 00771nab#a2200301#ar4500
001 000002413
003 SVKKK
005 20030715110343.0
008 030715c1994 e sloo
FMT
038 |a SVKKK 
040 |a SVKKK  |b slo  |e AACR2 
041 0 |a slo 
080 |a 65  |2 1981 
100 1 |a Bušo, Ľubo  |4 aut 
245 1 0 |a Zišiel by sa čarovný prútik  |c Bušo Ľubo, 
260 |c 1994 
650 0 4 |a digitalizácia ústrední i sietí 
650 0 4 |a informácie 
650 0 4 |a spoje 
650 0 4 |a technika firmy Siemens  |z Riaditeľstvo telekomunikácií Odštepný závod 
773 0 |t Košický večer  |g Roč. 5, č. 27(1994), dát. 0209, s. 3 
957 |a Košice 
974 |a Cr 
992 |a RBX 
BAS
852 |a SVKKK  |b BIB 
998 |a REG